000 01451cam a2200325 a 4500
001 15458073
003 OSt
005 20150408113958.0
008 111214s2009 enkab b 001 0 eng
010 _a
020 _a9780199214426
020 _a0199214425
040 _aDLC
_cMU
043 _ae-gr---
082 0 0 _a306.44909509 M P L
_222
100 1 _aMackridge, Peter.
_97332
245 1 0 _aLanguage and national identity in Greece, 1766-1976 /
_cPeter Mackridge.
260 _aOxford ;
_aNew York :
_bOxford University Press,
_c2009.
300 _axiv, 385 p. :
_bill., maps ;
_c25 cm.
504 _aIncludes bibliographical references (p. [339]-369) and index.
650 0 _aGreek language, Modern
_xPolitical aspects
_xHistory.
_97333
650 0 _aNationalism
_zGreece
_xHistory.
_97335
650 0 _aLanguage policy
_zGreece.
_97334
856 4 2 _3Contributor biographical information
_uhttp://www.loc.gov/catdir/enhancements/fy0913/2008041406-b.html
856 4 2 _3Publisher description
_uhttp://www.loc.gov/catdir/enhancements/fy0913/2008041406-d.html
856 4 1 _3Table of contents only
_uhttp://www.loc.gov/catdir/enhancements/fy0913/2008041406-t.html
906 _a7
_bcbc
_corignew
_d1
_eecip
_f20
_gy-gencatlg
942 _2ddc
_cDVD
999 _c19741
_d254241